A course in homological algebra

Saved in:
Bibliografiske detaljer
Main Authors: Hilton, Peter J (Author), Stammbach, U (Author)
Format: Bog
Sprog:engelsk
Udgivet: Nueva York Springer-Verlag 1971
Serier:Graduate Texts in Mathematics, 4
Fag:
Tags: Tilføj Tag
Ingen Tags, Vær først til at tagge denne postø!

MARC

LEADER 00000nam a2200000 a 4500
001 UCQ9113
003 CL-VaPUC
008 981230e19710000US |||||||||||||||||eng|d
082 0 4 |a 512.55  |b HIL  |2 21 
100 |a Hilton, Peter J  |e author  |9 424285 
700 0 |a Stammbach, U  |e author  |9 423518 
245 1 2 |a A course in homological algebra 
300 |a 338 p 
942 |c BK 
945 |d 19981230 00:00:00  |a crobeson 
260 |a Nueva York  |b Springer-Verlag  |c 1971 
650 0 |a Álgebra homológica  |9 270579 
650 0 |a Módulos   |9 356144 
650 7 |a CATEGORIAS  |2 CL-VaPUC  |9 370232 
650 7 |a GRUPOS  |2 CL-VaPUC  |9 336429 
650 0 |a Álgebra de Lie  |9 271226 
583 |a last modification  |c 19981230 00:00:00  |k Rodrigo Vera 
490 0 |a Graduate Texts in Mathematics, 4 
999 |c 278209  |d 278207 
952 |0 0  |1 0  |4 0  |6 512_550000000000000_HIL_1971  |7 0  |8 A  |9 316643  |a BIBMAT  |b BIBMAT  |d 2019-11-20  |i 1312065  |o 512.55 HIL 1971  |p 1312065  |r 2025-01-07  |w 2019-11-20  |y BK  |k MAT